00665cam a22002057a 4500003000500000005001700005008004100022010001000063011001000073035001000083040000900093100003500102245011100137260004000248300001100288500001100299502009000310650002300400650003600423CHAP20241105180613.0971013s1988 r 00010 d a68025 a68997 a78471 cCHAP00aMora Flores, José Saturnino.13aUn análisis econométrico de la política de precios en la actividad azucarerab: México 1960 a 1987 aChapingo, Méx. :bEl autor,c1988 a183 h. a26-156 aTesis (Maestro en Ciencias Esp. en Economía Agrícola) -- CP. Centro de Economía14aAzúcarxPrecios.17aIndustria azucarerazMéxico2